Gaming Quiz

Random Gaming or Mario Quiz
Score 0/55 Timer 05:00
0 Plays Today
% Correct
Charizard
95.1%
Pikachu
94%
Jigglypuff
93.5%
Bowser
91.8%
Ivysaur
91.6%
Mario
91.6%
Squirtle
91.3%
Luigi
91.1%
Mewtwo
91%
Bowser Jr
90.9%
Peach
89.3%
Pichu
88.7%
Dr Mario
85.5%
Daisy
85.4%
Zelda
83.7%
Incineroar
83.6%
Kirby
82.9%
Link
82.3%
Young Link
81%
Greninja
79.7%
Lucario
78.3%
Ganondorf
74%
Samus
73.8%
Piranha Plant
73.5%
Toon Link
73.2%
Zero Suit Samus
72.6%
Dark Samus
72.3%
Marth
71.3%
% Correct
King Dedede
70.9%
Corrin
70.8%
Ike
70.6%
Chrom
70.5%
Villager
68.4%
Byleth
68.1%
Rosalina
67.9%
Roy
67.6%
Sheik
67.5%
Banjo & Kazooie
67%
Lucina
65.7%
Meta Knight
65.5%
Inkling
65.2%
Isabelle
64.3%
Pac-Man
64.1%
Sonic
63.4%
Robin
62.1%
Ridley
61.8%
Snake
61.3%
Cuphead
60.5%
Mega Man
59.8%
Cloud
59.5%
Vault Boy
59%
Altaïr
57.2%
Sans
56.9%
Heihachi
55.6%
Terry
44.8%
Remove Ads.
Support Sporcle.
Get the best of Sporcle when you Go Orange. This ad-free experience offers more features, more stats, and more fun while also helping to support Sporcle. Thank you for becoming a member.

You're not logged in!

Compare scores with friends on all Sporcle quizzes.
OR
Log In

Sporcle TV

Today on Sporcle TV


Watch our educational content, quiz creation guides, and fun videos on Sporcle TV.

Show Comments

Extras

Top Quizzes Today


Score Distribution

Paid Content

Your Account Isn't Verified!

In order to create a playlist on Sporcle, you need to verify the email address you used during registration. Go to your Sporcle Settings to finish the process.

Report this User

Report this user for behavior that violates our Community Guidelines.

Details: